000
00305nam a22001457a 4500
008
230622b ||||| |||| 00| 0 eng d
020
_a
9780553053140
041
_a
eng
080
_a
159.9
082
_a
159.9RES
100
_a
25
101
_a
PSI
245
_a
THE MIND
_c
RESTAK.M.R
942
_2
udc
_c
BK
999
_c
60030
_d
60030